Bizancio y el islam /
Guardado en:
| Autor Principal: | |
|---|---|
| Formato: | Libro |
| Publicado: |
Buenos Aires :
Kapelusz,
1972
|
| Materias: | |
| Etiquetas: |
Agregar Etiqueta
Sin Etiquetas, Sea el primero en etiquetar este registro!
|
| LEADER | 00493nam a22001935a 4500 | ||
|---|---|---|---|
| 001 | CEM.cems008907 | ||
| 005 | 20060214000000.0 | ||
| 008 | 130507s1972##################000#0#####d | ||
| 003 | CEMS | ||
| 082 | 0 | 4 | |a 949.5 |
| 100 | 1 | |a Detomasi, José | |
| 245 | 1 | 0 | |a Bizancio y el islam / |
| 260 | |a Buenos Aires : |b Kapelusz, |c 1972 | ||
| 300 | |a 79 p. | ||
| 653 | |a Arte bizantino | ||
| 653 | |a Bizancio | ||
| 653 | |a Islam | ||
| 653 | |a Islamismo | ||
| 859 | |a CEMS |b BIB. CEMS - 11 de abril |h 949.5 |i D484 |p 13685.86 |t Ej.1 | ||
